000 00299nam a22001337a 4500
008 190306b xxu||||| |||| 00| 0 eng d
020 _a9780071745192
041 _aeng
080 _218th
_a610
100 _a4
101 _aSHM
245 _aHarrison's Manual of Medicine
_cLongo
942 _2udc
_cBK
999 _c54629
_d54629